000 00641nam a2200241 i 4500
001 C2-0134126
003 PPAK
005 20180727123721.0
008 971203s1988 enk |||| ||||| | eng d
020 _a0747512221
040 _aPPAK
_beng
_cPPAK
_erda
082 0 4 _a428.1
_223
090 0 0 _a428.1
_bURD
_dR
100 1 _aUrdang, Laurence,
_eauthor
245 1 0 _aDictionary of differences
264 1 _aLondon :
_bBloomsbury ,
_c1988
300 _a375 pages ;
_c20 cm
336 _2rdacontent
_atext
337 _2rdamedia
_aunmediated
338 _2rdacarrier
_avolume
650 1 0 _aEnglish language - Words - Usage
942 _ddc
_cB
999 _c42346
_d42346